Science Quiz

Random Science or Physics Quiz

Superconductivity Nobel Prize Winners Quiz Stats

Quiz not verified by Sporcle

Challenge
Share
Tweet
Embed
Score 0/16 Timer 05:00
0 Plays Today
Year Laureate % Correct
1913Heike Kamerlingh Onnes
83.3%
1972John Bardeen
83.3%
1973Leo Esaki
50%
1962Lev Davidovich Landau
33.3%
1972Leon Neil Cooper
33.3%
1973Ivar Giaever
33.3%
1973Brian David Josephson
33.3%
2003Anthony James Leggett
33.3%
Year Laureate % Correct
1987Johannes Georg Bednorz
16.7%
1996David Morris Lee
16.7%
1996Douglas Osheroff
16.7%
1996Robert Coleman Richardson
16.7%
2003Alexei Alexeyovich Abrikosov
16.7%
2003Vitaly Lazarevich Ginzburg
16.7%
1972John Robert Schreiffer
0%
1987Karl Alexander Müller
0%

You're not logged in!

Compare scores with friends on all Sporcle quizzes.
Join for Free
OR
Log In

You Might Also Like...

Show Comments

Extras

Top Quizzes Today


Score Distribution

Your Account Isn't Verified!

In order to create a playlist on Sporcle, you need to verify the email address you used during registration. Go to your Sporcle Settings to finish the process.

Report this User

Report this user for behavior that violates our Community Guidelines.

Details: